Every CFP Team - Statistics

General Stats
  • This quiz has been taken 87 times
    14 since last reset
  • The average score is 62 of 64
Answer Stats
Year Team % Correct
2014 Alabama
100%
2015 Alabama
100%
2016 Alabama
100%
2017 Alabama
100%
2018 Alabama
100%
2020 Alabama
100%
2021 Alabama
100%
2023 Alabama
100%
2025 Alabama
100%
2015 Clemson
100%
2016 Clemson
100%
2017 Clemson
100%
2018 Clemson
100%
2019 Clemson
100%
2020 Clemson
100%
2024 Clemson
100%
2014 Florida State
100%
2017 Georgia
100%
2021 Georgia
100%
2022 Georgia
100%
2024 Georgia
100%
2025 Georgia
100%
2024 Indiana
100%
2025 Indiana
100%
2019 LSU
100%
2021 Michigan
100%
2022 Michigan
100%
2023 Michigan
100%
2015 Michigan State
100%
2018 Notre Dame
100%
2020 Notre Dame
100%
2024 Notre Dame
100%
2014 Ohio State
100%
2016 Ohio State
100%
2019 Ohio State
100%
2020 Ohio State
100%
2022 Ohio State
100%
2024 Ohio State
100%
2025 Ohio State
100%
2014 Oregon
100%
2024 Oregon
100%
2025 Oregon
100%
2024 Penn State
100%
2022 TCU
100%
2023 Texas
100%
2024 Texas
100%
2016 Washington
100%
2023 Washington
100%
2025 Miami
92%
2015 Oklahoma
92%
2017 Oklahoma
92%
2018 Oklahoma
92%
2019 Oklahoma
92%
2025 Oklahoma
92%
2024 SMU
92%
2024 Tennessee
92%
2024 Arizona State
85%
2024 Boise State
85%
2025 James Madison
85%
2025 Texas A&M
85%
2025 Texas Tech
85%
2025 Tulane
85%
2021 Cincinnati
77%
2025 Ole Miss
77%
No matching quizzes found
Score Distribution
Percent of People with Each Score
Percentile by Number Answered
Your Score History
You have not taken this quiz since the last reset